000 00308nam a22001337a 4500
020 _a81-8269-590-2
082 _a001
_bKAU/S
100 _aKAUR, PARMINDER
245 _aTOP SCIENCE QUIZ
260 _aDELHI
_bBLACK ROSE PUBLICATIONS
_c2009
300 _a195
650 _aGENERAL KNOWLEDGE
_zINDIA
942 _cBK
999 _c6520
_d6520